00331nam a2200133Ia 4500008004100000020001500041041001200056082001100068100001700079245004500096260003600141300000800177650001200185221030s9999 xx 000 0 und d a8121908558 aEnglish a105.23 aK. K. Tewari 0aElectricity & Magnetism with Electronics bS. Chand & Co.aNew Delhic2007 a926 aPhysics